Kursus Induksi Modul Umum Kumpulan Khidmat Sokongan I : 6 -10 Jun 2005

Bibliographic Details
Format: Book
Published: Bangi : Institut Penilaian Negara , 2004
Subjects:

MARC

LEADER 00000cam a2200000 7i4500
001 0000016611
005 20061009.0
040 |a INS 
090 0 0 |a AV067 
245 1 0 |a Kursus Induksi Modul Umum Kumpulan Khidmat Sokongan I :   |b 6 -10 Jun 2005   |c Institut Penilaian Negara 
260 |a Bangi :   |b Institut Penilaian Negara ,   |c 2004 
300 |a 267 ms. :   |b ill ;   |c 29 cm. 
500 |a Kursus diadakan pada 6 -10 Jun 2005 
650 0 0 |a Civil services   |x Officials and employees   |x Training of 
999 |a AVO0000103   |b BOOK   |c Course Notes   |e Default branch